Quizzes
Events
Quiz Creation
Community
Videos
Private Events
Remove Ads
Sign In
Join for FREE
Feedback
Dark Mode
Quiz Categories
Sports
Geography
Music
Movies
Television
Just For Fun
Miscellaneous
History
Literature
Language
Science
Gaming
Entertainment
Religion
Holiday
For Kids
Quiz Lab
Recent
Popular Today
Quiz Kudos Today
Editor Picks
Curator Picks
Quizzes by...
Day
Popularity
Type
Ratings
Length
Year
Community
Subscriptions
Recent Discussions
Orange Saloon
Badges
Playlists
Quests
Create
Leaderboards
Showdown
Live 5
Trivia Bingo
Activity
Puzzle Library
Sporcle Events
Private Events
Virtual Trivia
Globe League
Become a Host
Pub Owners
SporcleCon
Opinionation
Our Games
Videos
Blog
Mobile Apps
Partnerships
Remove Ads and Go Orange
Feedback
Gaming
Video Games
Board Games
Card Games
Pokémon
Mario
Nintendo
Minecraft
Console
Toys
Legend of Zelda
Gaming
Video Games
Board Games
Card Games
Pokémon
Mario
Nintendo
Minecraft
Console
Toys
Legend of Zelda
Random Quiz
Search Sporcle
×
Quiz Lab
Quiz Lab
Gaming
Video Games
Type in answers that appear in a list
Type in answers that appear in a list
Classic
Best Score? Go Orange.
Ultimate Fighting Game Roster Quiz: Round 3 Stats
Can you name the complete rosters to the following fighting games?
By
thisofficiallyis
20m
162 Questions
285 Plays
285 Plays
285 Plays
Comments
Comments
Give Quiz Kudos
Give Quiz Kudos
-
- Ratings
hide this ad
Replay
Link that replays current quiz
Next Quiz
Link to next quiz in quiz playlist
You Got
0%
They Got
Avg Score
42%
Avg Friend Score
Upgrade to see
Score Distribution
Jump to the score distribution portion of the page
Score
0/162
Timer
20:00
0
Plays Today
Game
Character
% Correct
Tekken Tag Tournament 2
Heihachi
86%
Tekken Tag Tournament 2
Jin
85.6%
Mortal Kombat
Sub-Zero
83.9%
Mortal Kombat
Scorpion
83.5%
Tekken Tag Tournament 2
Kazuya
82.8%
Mortal Kombat
Johnny Cage
80%
Mortal Kombat
Raiden
78.9%
Tekken Tag Tournament 2
Kuma
78.2%
Mortal Kombat
Sonya Blade
78.2%
Tekken Tag Tournament 2
Bob
77.9%
Power Stone
Jack
76.8%
Mortal Kombat
Liu Kang
75.8%
Tekken Tag Tournament 2
Paul
75.4%
Tekken Tag Tournament 2
King
75.1%
Tekken Tag Tournament 2
Nina
74%
Tekken Tag Tournament 2
Yoshimitsu
73.7%
Tekken Tag Tournament 2
Anna
72.3%
Tekken Tag Tournament 2
Panda
71.9%
Tekken Tag Tournament 2
Marshall Law
71.2%
Mortal Kombat
Kano
71.2%
Tekken Tag Tournament 2
Eddy
70.9%
Tekken Tag Tournament 2
Lee
70.5%
Tekken Tag Tournament 2
Lei
70.5%
Dead or Alive 5: Last Round
Kasumi
70.5%
Tekken Tag Tournament 2
Asuka
69.8%
Tekken Tag Tournament 2
Jun
69.8%
Tekken Tag Tournament 2
Alisa
68.4%
Tekken Tag Tournament 2
Devil Jin
68.4%
Tekken Tag Tournament 2
Xiaoyu
67.4%
Tekken Tag Tournament 2
Christie
66.3%
Dead or Alive 5: Last Round
Christie
66.3%
Tekken Tag Tournament 2
Armor King
66%
Tekken Tag Tournament 2
Michelle
66%
Tekken Tag Tournament 2
Lars
65.6%
Tekken Tag Tournament 2
Lili
65.3%
Tekken Tag Tournament 2
Forest Law
64.9%
Tekken Tag Tournament 2
Hwoarang
64.2%
Tekken Tag Tournament 2
Angel
63.2%
Tekken Tag Tournament 2
Alex
62.5%
Tekken Tag Tournament 2
Jinpachi
62.5%
Tekken Tag Tournament 2
Raven
62.5%
Tekken Tag Tournament 2
Steve
61.8%
Tekken Tag Tournament 2
Leo
61.1%
Tekken Tag Tournament 2
Zafina
61.1%
Tekken Tag Tournament 2
Ganryu
60.7%
Tekken Tag Tournament 2
Bryan
59.6%
Tekken Tag Tournament 2
Roger Jr.
59.6%
Tekken Tag Tournament 2
Slim Bob
58.6%
Tekken Tag Tournament 2
Kunimitsu
58.2%
J-
Stars Victory Vs.
Monkey D. Luffy
58.2%
J-
Stars Victory Vs.
Naruto Uzumaki
57.9%
Tekken Tag Tournament 2
Wang
57.5%
Tekken Tag Tournament 2
Jaycee
57.2%
Tekken Tag Tournament 2
Dragunov
56.8%
Game
Character
% Correct
J-
Stars Victory Vs.
Son Goku
56.8%
Tekken Tag Tournament 2
Baek
56.5%
Tekken Tag Tournament 2
Bruce
55.8%
Tekken Tag Tournament 2
True Ogre
55.8%
Dead or Alive 5: Last Round
Helena
55.8%
Dead or Alive 5: Last Round
Tina
55.8%
Tekken Tag Tournament 2
Feng
55.4%
Tekken Tag Tournament 2
Marduk
55.4%
Dead or Alive 5: Last Round
Ayane
55.1%
Tekken Tag Tournament 2
Miguel
54.7%
J-
Stars Victory Vs.
Sasuke Uchiha
54.7%
Tekken Tag Tournament 2
Sebastian
53.7%
J-
Stars Victory Vs.
Vegeta
53.7%
Tekken Tag Tournament 2
Miharu
53.3%
Dead or Alive 5: Last Round
Hayabusa
52.6%
Tekken Tag Tournament 2
Jack-6
52.3%
Dead or Alive 5: Last Round
Bass
49.1%
Tekken Tag Tournament 2
Ancient Ogre
48.8%
Dead or Alive 5: Last Round
Hitomi
47.7%
Tekken Tag Tournament 2
Tiger Jackson
47.4%
Dead or Alive 5: Last Round
Akira
47.4%
J-
Stars Victory Vs.
Gon Freecss
47.4%
Dead or Alive 5: Last Round
Zack
46.7%
J-
Stars Victory Vs.
Ichigo Kurosaki
46.3%
Tekken Tag Tournament 2
Prototype Jack
45.6%
J-
Stars Victory Vs.
Frieza
44.9%
Dead or Alive 5: Last Round
Hayate
42.8%
Dead or Alive 5: Last Round
Sarah
41.8%
J-
Stars Victory Vs.
Joseph Joestar
41.4%
Dead or Alive 5: Last Round
Bayman
41.1%
Dead or Alive 5: Last Round
Pai Chan
40%
Power Stone
Edward Falcon
39.3%
Dead or Alive 5: Last Round
Eliot
38.9%
Dead or Alive 5: Last Round
Lei Fang
38.6%
Dead or Alive 5: Last Round
Kokoro
37.5%
Dead or Alive 5: Last Round
Mila
37.5%
Dead or Alive 5: Last Round
Rig
37.2%
J-
Stars Victory Vs.
Kenshiro
36.5%
Dead or Alive 5: Last Round
Gen-Fu
36.1%
Dead or Alive 5: Last Round
Lisa
36.1%
Power Stone
Rouge
36.1%
Dead or Alive 5: Last Round
Jann Lee
35.4%
J-
Stars Victory Vs.
Killua Zoldyck
35.4%
Clay Fighter 63 1/
3: Sculptor's Cut
Bad Mr. Frosty
35.1%
Brutal Unleashed: Above the Claw
Prince Leon of Kenya
34.4%
Clay Fighter 63 1/
3: Sculptor's Cut
Earthworm Jim
34.4%
Dead or Alive 5: Last Round
Brad
34.4%
J-
Stars Victory Vs.
Yusuke Urameshi
34.4%
J-
Stars Victory Vs.
Jonathan Joestar
33%
J-
Stars Victory Vs.
Madara Uchiha
32.3%
J-
Stars Victory Vs.
Sōsuke Aizen
32.3%
J-
Stars Victory Vs.
Portgas D. Ace
31.9%
J-
Stars Victory Vs.
Boa Hancock
30.5%
J-
Stars Victory Vs.
Hiei
30.5%
Game
Character
% Correct
Power Stone
Ryoma
30.2%
Power Stone
Wang-Tang
30.2%
J-
Stars Victory Vs.
Toriko
29.8%
Power Stone
Ayame
29.8%
J-
Stars Victory Vs.
Akainu
29.5%
Power Stone
Gunrock
29.1%
Power Stone
Galuda
28.8%
J-
Stars Victory Vs.
Gintoki Sakata
28.4%
J-
Stars Victory Vs.
Arale Norimaki
27.7%
J-
Stars Victory Vs.
Koro-Sensei
27.4%
J-
Stars Victory Vs.
Younder Toguro
24.9%
J-
Stars Victory Vs.
Raoh
24.6%
Power Stone
Kraken
24.6%
J-
Stars Victory Vs.
Pegasus Seiya
24.2%
J-
Stars Victory Vs.
Zebra
23.9%
Power Stone
Valgas
22.8%
J-
Stars Victory Vs.
Bobobo-Bo Bobo-Bo
22.5%
Clay Fighter 63 1/
3: Sculptor's Cut
Boogerman
21.4%
J-
Stars Victory Vs.
Himura Kenshin
20%
J-
Stars Victory Vs.
Luckyman
20%
J-
Stars Victory Vs.
Shishio Makoto
19.6%
Clay Fighter 63 1/
3: Sculptor's Cut
Taffy
19.3%
Clay Fighter 63 1/
3: Sculptor's Cut
Blob
18.2%
J-
Stars Victory Vs.
Tsuna Sawada
17.9%
J-
Stars Victory Vs.
Medaka Kurokami
15.4%
Power Stone
Apollus
15.1%
J-
Stars Victory Vs.
Tatsumi Oga
14.4%
Clay Fighter 63 1/
3: Sculptor's Cut
Sumo Santa
13.7%
J-
Stars Victory Vs.
Momotaro Tsurugi
12.6%
J-
Stars Victory Vs.
Kankichi Ryotsu
12.3%
Clay Fighter 63 1/
3: Sculptor's Cut
Ickybod Clay
11.9%
Clay Fighter 63 1/
3: Sculptor's Cut
Kungpow
11.6%
J-
Stars Victory Vs.
Taro Yamada
11.6%
J-
Stars Victory Vs.
Kusuo Saiki
10.9%
J-
Stars Victory Vs.
Meisuke Nueno
10.5%
Clay Fighter 63 1/
3: Sculptor's Cut
Hoppy
9.8%
Clay Fighter 63 1/
3: Sculptor's Cut
Houngan
9.1%
Clay Fighter 63 1/
3: Sculptor's Cut
Lady Liberty
9.1%
Clay Fighter 63 1/
3: Sculptor's Cut
Bonker
8.1%
Clay Fighter 63 1/
3: Sculptor's Cut
Lockjaw Pooch
6.3%
Clay Fighter 63 1/
3: Sculptor's Cut
Zappa Yow Yow Boyz
6.3%
Brutal Unleashed: Above the Claw
Foxy Roxy
6%
Brutal Unleashed: Above the Claw
Kendo Coyote
6%
Brutal Unleashed: Above the Claw
Ivan the Bear
5.6%
Brutal Unleashed: Above the Claw
Karate Croc
5.6%
Brutal Unleashed: Above the Claw
Kung Fu Bunny
5.3%
Brutal Unleashed: Above the Claw
Tai Cheetah
5.3%
Brutal Unleashed: Above the Claw
Dali llama
4.9%
Brutal Unleashed: Above the Claw
Pantha
4.9%
Brutal Unleashed: Above the Claw
Rhei Rat
4.9%
Clay Fighter 63 1/
3: Sculptor's Cut
High Five
4.9%
Brutal Unleashed: Above the Claw
Chung Poe
4.6%
Brutal Unleashed: Above the Claw
Psycho Kitty
4.6%
Clay Fighter 63 1/
3: Sculptor's Cut
Dr. Klinklein
3.5%
Quiz Playlist
Details
Report
Send in Message
Add To Playlist
Classic:
Type in answers that appear in a list
Last Updated: Mar 27, 2017
Quiz Scoreboard
CHALLENGE
Sign Up to Join the Scoreboard
Show All
Scores
Hide
Comments
May contain spoilers
Recently Published
One Thing in Common: World Cities II
by knightlancer
Geography
7m
Popular People in 1961
by mucciniale
History
6m
1-10 Letter E Words III
by El_Dandy
Language
2m
More to Explore
Quiz From the Vault
Featured Blog Post
Where Did the Easter Bunny Come From?
hide this ad
You Might Also Like...
Tags
Anime Quiz
Video Games Quiz
Fighting Games
Manga
tekken
Video Game Characters
Today's Top Quizzes in Gaming
Browse Gaming
hide this ad
Today's Top Quizzes in Video Games
Browse Video Games
Top Contributed Quizzes in Gaming
1
Destiny 2 exotic weapons by perk icons
2
Who's on the WWE 2K24 Cover?
3
Windmill: Pokémon
4
Genshin Impact Logic Puzzle
5
Overwatch 2: Ultimate Ability Icons
6
Overwatch 2 Heroes by Selection Quote
7
Genshin murder mystery
8
Legendary or Exotic?
9
Overwatch Logic Puzzle
10
Genshin Impact Logic Puzzle Quiz II
Explore More
Trending Topics
Kpop
Marvel
Crossword
Anime
NBA
Disney
Harry Potter
WWE
Pokémon
Puzzle
Soccer
NFL
Song
Country
The Office
hide this ad
More By:
thisofficiallyis
Quiz
Plays
Rating
Category
Featured
Created
Ultimate Fighting Game Roster Quiz: Round 1
669
3.00
Gaming
Jul 18, 2016
Ultimate Fighting Game Roster Quiz: Round 4
445
5.00
Gaming
Jul 20, 2016
Ultimate Fighting Game Roster Quiz: Round 2
375
4.50
Gaming
Jul 18, 2016
Ultimate Fighting Game Roster Quiz: Round 3
285
2.50
Gaming
Jul 18, 2016
Lyrics to Crawling -by Linkn Park-
59
Music
Aug 10, 2016
Go to Creator's Profile
Score Distribution
Quiz Creator Spotlight
thisofficiallyis
Follow
Send a Message
Quizzes Created
-
Created Quiz Play Count
-
More By This Creator
Popular Quizzes Today
1
Find the US States - No Outlines Minefield
2
The Countries of the World
3
Popular People in 1961
4
Find the Countries of Europe - No Outlines Minefield
5
1-10 Letter E Words III
6
Find the US States
7
One Thing in Common: World Cities II
8
US States
More Gaming Quizzes
Hoenn Pokémon Picture Click (#252 - #386)
Quiz Lab
Trending Quizzes
Country Music Stars Doing Things
Get the Picture: Carrie or Dolly
1-10 Letter F Words
1-10 Letter G Words
Risky Map Clicking: Next State Alphabetically
Recently Updated
Leaping Animals
pecheneg
Reality TV Shows (A-Z)
bhenderson79
Rickey Henderson's Hall of Fame Teammates
pecheneg
Champions League XIs: Arsenal
pecheneg
Quick Pick: Celebrities in WWE's Hall of Fame
aduchscher
A-Z Keypad Blitz II
pecheneg
Multiple Oscar Actors
pecheneg
Mystery Phrase Blitz: Oscar 'Best Actors'
pecheneg
F. Scott Fitzgerald Novels
LTH
Pick 3 Villains
ddd62291
Trending Topics
Disney
Kpop
Crossword
Marvel
Anime
NBA
Harry Potter
Country
The Office
Pokémon
NFL
Song
WWE
Puzzle
Soccer
Your Account Isn't Verified!
In order to create a playlist on Sporcle, you need to verify the email address you used during registration. Go to your
Sporcle Settings
to finish the process.
Report this User
Report this user for behavior that violates our
Community Guidelines
.
Details:
Send Report
Go to the Sporcle.com Mobile Site →
Comments